[Event "XXVI Miedzynarodowy Festiwal Szachowy w Poznaniu - OPEN A"]
[Site "Poznan"]
[Date "2018-08-19"]
[Round "2.38"]
[White "Purczynski, Andrzej"]
[Black "Kiwilsza, Piotr"]
[Result "0-1"]
[WhiteTitle ""]
[BlackTitle ""]
[WhiteElo "1235"]
[BlackElo "1623"]

1. b4 e5 2. Bb2 d6 3. e3 Nf6 4. Nf3 Be7 5. c4 O-O 6. Nc3 c6 7. a3 b6 8. Be2 Nbd7
9. O-O Bb7 10. d4 e4 11. Nd2 d5 12. cxd5 cxd5 13. Rc1 a6 14. Qb3 b5 15. a4 bxa4
16. Nxa4 Rb8 17. Qa2 Bxb4 18. Nb3 a5 19. Nbc5 Bc8 20. Nxd7 Bxd7 21. Nc5 Bc8 22.
Ba3 Qb6 23. Rb1 Qd6 24. Bxb4 axb4 25. Qa5 Nd7 26. Rxb4 Rxb4 27. Qxb4 f5 28. Rb1
f4 29. Nxd7 Qxd7 30. Qc5 f3 31. Bb5 Qf5 32. g3 Be6 33. Bf1 h5 34. Qd6 h4 35. Rb8
Bc8 36. Qf4 hxg3 37. Qxf5 gxf2+ 38. Kxf2 Bxf5 39. Rxf8+ Kxf8 40. Kg3 Kf7 41. Kf4
Kf6 42. Kg3 g5 43. Ba6 Bd7 44. Bf1 Ba4 45. Ba6 Bb3 46. Bf1 Bc4 47. Bh3 Bb5 48.
Bc8 Ke7 49. Kg4 0-1

[Event "XXVI Miedzynarodowy Festiwal Szachowy w Poznaniu - OPEN A"]
[Site "Poznan"]
[Date "2018-08-19"]
[Round "2.39"]
[White "Hoffmann, Kacper "]
[Black "Nowak, Patrycja"]
[Result "0-1"]
[WhiteTitle ""]
[BlackTitle ""]
[WhiteElo "1569"]
[BlackElo "1221"]

1. d4 d5 2. Nf3 c6 3. c4 Bf5 4. Nc3 e6 5. e3 Nf6 6. Be2 Nbd7 7. O-O Be7 8. b3 O-O
9. Bb2 Rc8 10. Rc1 Re8 11. Re1 Qb6 12. Bd3 Bxd3 13. Qxd3 dxc4 14. Qxc4 Qd8 15.
e4 Nb6 16. Qe2 Bb4 17. e5 Nfd5 18. Nxd5 Nxd5 19. Red1 Qe7 20. h3 Red8 21. Qe4
Rd7 22. Rd3 Rcd8 23. Nh2 Ba5 24. Rg3 Bb6 25. Ng4 Kh8 26. Rd1 Nc7 27. Rgd3 Nb5
28. Nf6 gxf6 29. Qg4 Qf8 30. exf6 Bxd4 31. Bxd4 Rxd4 32. Rxd4 Nxd4 33. Qh5 Rd5
0-1

[Event "XXVI Miedzynarodowy Festiwal Szachowy w Poznaniu - OPEN A"]
[Site "Poznan"]
[Date "2018-08-19"]
[Round "2.40"]
[White "Lakowski, Filip"]
[Black "Kugler, Pawel"]
[Result "0-1"]
[WhiteTitle ""]
[BlackTitle ""]
[WhiteElo "1210"]
[BlackElo "1561"]

1. e4 e6 2. d4 b6 3. Nc3 Bb7 4. Nf3 c5 5. dxc5 Bxc5 6. Bb5 a6 7. Ba4 b5 8. Bb3
Nc6 9. O-O Na5 10. Qd3 Nxb3 11. axb3 Qb6 12. Ne5 d6 13. Nf3 Rd8 14. Bg5 Ne7 15.
Bxe7 Kxe7 16. Rad1 Qc7 17. Ng5 h6 18. Nf3 Rc8 19. Ne2 Rhd8 20. Nf4 d5 21. e5 Rh8
22. c3 Ba7 23. Nh5 Kf8 24. Rfe1 Bc5 25. Re2 Be7 26. b4 Qd8 27. Rde1 g6 28. Ng3
Kg7 29. Qe3 Ra8 30. h3 Qd7 31. Ra1 Rhc8 32. Qd4 Bd8 33. Qg4 Rc4 34. Nh5+ Kf8 35.
Nf4 g5 36. Qh5 Kg7 37. Nd3 Be7 38. Nd4 Rac8 39. Rc1 Qc7 40. Re3 Rf8 41. Rg3 Qd8
42. f4 Kh7 43. f5 Rxd4 44. cxd4 exf5 45. Nc5 Bc8 46. Nxa6 Bxa6 47. Rc6 f6 48.
Rxa6 Qc8 49. Rxg5 Qc1+ 50. Kh2 Qxg5 51. Qxg5 hxg5 52. Rb6 fxe5 53. dxe5 Kg8 54.
Rxb5 Rd8 55. Rb7 Kf7 56. b5 g4 0-1

[Event "XXVI Miedzynarodowy Festiwal Szachowy w Poznaniu - OPEN A"]
[Site "Poznan"]
[Date "2018-08-19"]
[Round "2.41"]
[White "Zatylny, Jan "]
[Black "Aleshko, Margarita "]
[Result "0-1"]
[WhiteTitle ""]
[BlackTitle ""]
[WhiteElo "1548"]
[BlackElo "1219"]

1. d4 d5 2. c4 dxc4 3. e3 Be6 4. Na3 c5 5. Bxc4 cxd4 6. Qxd4 Qxd4 7. exd4 Nc6 8.
Be3 Nb4 9. Nf3 a6 10. b3 Rc8 11. Be2 Nh6 12. O-O Nf5 13. Bc4 Bd7 14. Ne5 e6 15.
Rfc1 b5 16. Be2 Rxc1+ 17. Bxc1 Nxd4 18. Bf1 g6 19. h3 Bg7 20. f4 Nbc6 21. Nxd7
Kxd7 22. Bb2 Nf3+ 23. gxf3 Bxb2 24. Rd1+ Ke7 25. Nc2 Kf6 26. Kg2 Kg7 0-1

[Event "XXVI Miedzynarodowy Festiwal Szachowy w Poznaniu - OPEN A"]
[Site "Poznan"]
[Date "2018-08-19"]
[Round "2.42"]
[White "Lesien, Tymoteusz"]
[Black "Zakrzewski, Bartosz"]
[Result "1-0"]
[WhiteTitle ""]
[BlackTitle ""]
[WhiteElo "1147"]
[BlackElo "1533"]

1. d4 Nf6 2. c4 e6 3. Bg5 Be7 4. Nf3 d6 5. e3 Nbd7 6. Nc3 O-O 7. Qc2 c5 8. Rd1
b6 9. Be2 Bb7 10. O-O a6 11. b3 Qc7 12. Rfe1 d5 13. cxd5 exd5 14. Bd3 h6 15. Bh4
Bd6 16. e4 cxd4 17. Nxd5 Nxd5 18. exd5 Qxc2 19. Bxc2 Bb4 20. Re4 Bxd5 21. Rexd4
Rac8 22. Rxd5 Rxc2 23. Rxd7 Rxa2 24. Be7 Bxe7 25. Rxe7 Rb2 26. Ra7 a5 27. h3 Rxb3
28. Rd5 Rb1+ 29. Kh2 Rb8 30. Rdd7 Ra1 31. Rxf7 b5 32. Rxg7+ Kf8 33. Ne5 b4 34.
Ng6+ Ke8 35. Rg8# 1-0

[Event "XXVI Miedzynarodowy Festiwal Szachowy w Poznaniu - OPEN A"]
[Site "Poznan"]
[Date "2018-08-19"]
[Round "2.43"]
[White "Huchwajda, Grzegorz"]
[Black "Biniak, Zuzanna"]
[Result "1/2-1/2"]
[WhiteTitle ""]
[BlackTitle ""]
[WhiteElo "1531"]
[BlackElo "1048"]

1. e4 e5 2. Nf3 Nc6 3. Nc3 Nf6 4. Bb5 d6 5. d4 Bd7 6. O-O Be7 7. Bxc6 Bxc6 8. Qe2
exd4 9. Nxd4 O-O 10. Nxc6 bxc6 11. Be3 Re8 12. Rad1 Bf8 13. Qd3 Qe7 14. Bg5 h6
15. Bxf6 Qxf6 16. f4 g6 17. Qf3 Bg7 18. Rfe1 Qe7 19. Na4 Rab8 20. b3 Rb4 21. c4
c5 22. Kh1 f5 23. e5 Kh7 24. Nc3 Rbb8 25. Nd5 Qd7 26. exd6 cxd6 27. Qf2 Qc6 28.
Qh4 Rxe1+ 29. Rxe1 Re8 30. h3 Rxe1+ 31. Qxe1 Qd7 32. Qe7 Qxe7 33. Nxe7 Bf8 34.
Nc8 a6 35. Kg1 Kg7 36. Nb6 Be7 37. Nd5 Bd8 38. g4 fxg4 39. hxg4 Kf7 40. Kg2 Ke6
41. Kf3 Bf6 42. Ke4 Bd4 43. f5+ Kf7 44. Nf4 gxf5+ 45. Kxf5 Be5 46. Nd5 a5 47.
a4 Kg7 48. Nb6 Kf7 49. Nc8 Bg3 50. Na7 Be5 51. Nc6 Bc3 52. Nd8+ Ke7 53. Ne6 Kf7
54. Nd8+ Ke7 55. Nc6+ Kd7 56. Na7 Ke7 57. Nb5 Be5 58. g5 hxg5 59. Kxg5 Ke6 60.
Nc7+ Kd7 61. Nd5 Ke6 62. Kg4 Bd4 63. Kf4 Be5+ 64. Ke4 Bg3 65. Ne3 Be5 66. Ng2
Bg3 67. Ne3 Be5 68. Nd5 Bg3 69. Nc7+ Kd7 70. Nd5 Ke6 71. Ne3 Be5 72. Ng2 Bg3 1/2-1/2

[Event "XXVI Miedzynarodowy Festiwal Szachowy w Poznaniu - OPEN A"]
[Site "Poznan"]
[Date "2018-08-19"]
[Round "2.44"]
[White "Kolendo, Kajetan "]
[Black "Kabzinski, Jan "]
[Result "0-1"]
[WhiteTitle ""]
[BlackTitle ""]
[WhiteElo "1132"]
[BlackElo "1522"]

1. e4 c5 2. Nf3 Nc6 3. d4 cxd4 4. Nxd4 Nf6 5. Nc3 d6 6. Bc4 e6 7. Be3 a6 8. Qe2
Be7 9. O-O-O Qc7 10. Rhg1 Na5 11. Bb3 b5 12. f3 Nxb3+ 13. axb3 Bb7 14. g4 Rc8
15. Na2 d5 16. exd5 Nxd5 17. h4 0-1

[Event "XXVI Miedzynarodowy Festiwal Szachowy w Poznaniu - OPEN A"]
[Site "Poznan"]
[Date "2018-08-19"]
[Round "2.45"]
[White "Zurawski, Mateusz"]
[Black "Kapustka, Oskar"]
[Result "1-0"]
[WhiteTitle ""]
[BlackTitle ""]
[WhiteElo "1492"]
[BlackElo "1012"]

1. e4 c5 2. Nf3 Nc6 3. d4 cxd4 4. Nxd4 d6 5. Nc3 Nf6 6. Bc4 e6 7. Nxc6 bxc6 8.
e5 Nd5 9. exd6 Bxd6 10. Ne4 Be7 11. O-O O-O 12. Qg4 Kh8 13. Ng5 Nf6 14. Qf3 Qc7
15. Bf4 Bd6 16. Bxd6 Qxd6 17. Ne4 Nxe4 18. Qxe4 Bb7 19. Rad1 Qe7 20. Rfe1 Rad8
21. Bd3 g6 22. Qa4 Qc5 23. Re4 a6 24. Rde1 Rb8 25. b3 a5 26. Re5 Qc3 27. Qxa5
Qxa5 28. Rxa5 Ra8 29. Ree5 Rxa5 30. Rxa5 Ra8 31. Rxa8+ Bxa8 32. Kf1 Kg7 33. Ke2
Kf6 34. Ke3 Ke5 35. g3 c5 36. f4+ Kd6 37. Be4 Bd5 38. c4 f5 39. cxd5 fxe4 40.
dxe6 Kxe6 41. Kxe4 Kd6 42. a4 Ke6 43. a5 Kd6 44. a6 Kc6 45. a7 Kb7 46. Kd5 Kxa7
47. Kxc5 1-0

[Event "XXVI Miedzynarodowy Festiwal Szachowy w Poznaniu - OPEN A"]
[Site "Poznan"]
[Date "2018-08-19"]
[Round "2.46"]
[White "Nawrowski, Artur "]
[Black "Tadych, Szymon "]
[Result "0-1"]
[WhiteTitle ""]
[BlackTitle ""]
[WhiteElo "1024"]
[BlackElo "1468"]

1. d4 d5 2. Nf3 Nf6 3. c4 c6 4. Nc3 Bf5 5. Qb3 b6 6. Bf4 e6 7. e3 Bd6 8. Be2 Bxf4
9. exf4 Qd6 10. Ne5 O-O 11. O-O Nbd7 12. a4 Ne4 13. Qd1 f6 14. Nxd7 Nxc3 15. bxc3
Qxd7 16. Bg4 dxc4 17. Re1 Rfe8 18. Bxf5 exf5 19. Re3 Re4 20. Rf3 Rae8 21. Qd2
Qe6 22. Re3 Rxe3 23. fxe3 Qxe3+ 24. Qf2 Qxc3 25. Rd1 Qe3 26. Qxe3 Rxe3 27. d5
Rd3 28. Rc1 cxd5 29. Re1 Kf7 0-1

[Event "XXVI Miedzynarodowy Festiwal Szachowy w Poznaniu - OPEN A"]
[Site "Poznan"]
[Date "2018-08-20"]
[Round "3.1"]
[White "Koziak, Vitali "]
[Black "Raczynski, Krzysztof "]
[Result "1/2-1/2"]
[WhiteTitle ""]
[BlackTitle ""]
[WhiteElo "2476"]
[BlackElo "2111"]

1. Nf3 Nf6 2. d4 g6 3. g3 Bg7 4. Bg2 O-O 5. O-O d6 6. b3 Nc6 7. Bb2 e5 8. dxe5
Ng4 9. Qc1 Ngxe5 10. Nxe5 dxe5 11. Rd1 Bd7 12. Nc3 Qc8 13. Nd5 Re8 14. Rd2 Be6
15. c4 Nd4 16. e3 Nf5 17. Qc2 h5 18. h3 Ne7 19. Kh2 h4 20. Nxe7+ Rxe7 21. gxh4
Bf5 22. Qd1 e4 23. Qc2 Qe6 24. Rad1 Be5+ 25. Bxe5 Qxe5+ 26. Kg1 Kg7 27. Qb2 Qxb2
28. Rxb2 Rh8 29. Kh2 Rxh4 30. Rd8 Rh8 31. Rxh8 Kxh8 32. Rd2 Kg7 33. h4 f6 34.
Rd8 Kf7 35. Bh3 Ke6 36. Rd4 Ke5 37. Rd5+ Ke6 38. Bg2 c6 39. Rd8 Ke5 40. Kg3 Be6
41. Bf1 Rh7 42. Bg2 g5 43. hxg5 Rg7 44. f4+ exf3 45. Bxf3 Rxg5+ 46. Kf2 Rg7 47.
Re8 f5 48. Ra8 a6 49. Re8 Rh7 50. Bg2 1/2-1/2

[Event "XXVI Miedzynarodowy Festiwal Szachowy w Poznaniu - OPEN A"]
[Site "Poznan"]
[Date "2018-08-20"]
[Round "3.2"]
[White "Garbowski, Jakub "]
[Black "Sieciechowicz, Marcin"]
[Result "0-1"]
[WhiteTitle ""]
[BlackTitle ""]
[WhiteElo "2129"]
[BlackElo "2424"]

1. e4 e6 2. d4 d5 3. Nd2 Nf6 4. e5 Nfd7 5. Bd3 c5 6. c3 b6 7. Nh3 Ba6 8. Bxa6 Nxa6
9. O-O Be7 10. Qg4 O-O 11. Nf4 Kh8 12. Nf3 cxd4 13. cxd4 Rc8 14. h4 Qe8 15. g3
Nc7 16. Ng5 h6 17. Kg2 g6 18. Ngh3 Rg8 19. Ne2 Bf8 20. Nc3 b5 21. a4 b4 22. Nb5
Nxb5 23. axb5 Rc7 24. h5 g5 25. f4 gxf4 26. Qxf4 Nb6 27. Bd2 Qxb5 28. Rae1 b3
29. Bc3 Na4 30. Nf2 Nxc3 31. bxc3 Rxc3 32. Ng4 Qd3 33. Re3 Rc2+ 34. Kh3 Qd2 35.
Rf2 Qd1 36. Rf1 Qd2 37. Rf2 Qc1 38. Rf1 b2 39. Rb3 Qxf4 40. Rxf4 Rg5 41. Nf6 Rc3
42. Rb8 Rcxg3+ 43. Kh4 b1=Q 44. Rxb1 Be7 45. Rb8+ Rg8 46. Rxg8+ Rxg8 47. Rf3 a5
48. Kh3 Bxf6 49. exf6 Rg5 50. Ra3 Rxh5+ 51. Kg4 Rf5 52. Rxa5 Rxf6 53. Ra8+ Kg7
54. Rb8 Rf5 0-1

[Event "XXVI Miedzynarodowy Festiwal Szachowy w Poznaniu - OPEN A"]
[Site "Poznan"]
[Date "2018-08-20"]
[Round "3.3"]
[White "Urban, Klaudiusz "]
[Black "Nowak, Mikolaj "]
[Result "1/2-1/2"]
[WhiteTitle ""]
[BlackTitle ""]
[WhiteElo "2424"]
[BlackElo "2101"]

1. Nf3 Nf6 2. c4 e6 3. Nc3 Bb4 4. Qc2 O-O 5. a3 Bxc3 6. Qxc3 c5 7. e3 Nc6 8. b4
b6 9. Be2 Bb7 10. O-O d6 11. Bb2 Qc7 12. Rac1 Ne7 13. Rfd1 Rfd8 14. d4 Ng6 15.
Ba1 Rab8 16. Ne1 a5 17. dxc5 dxc5 18. bxa5 bxa5 19. Nd3 Ba8 20. f3 Ne8 21. Ne5
a4 22. Rxd8 Rxd8 23. Rd1 Rxd1+ 24. Bxd1 Nxe5 25. Qxe5 Qxe5 26. Bxe5 Bc6 27. Bb8
Nf6 28. Bd6 Nd7 29. Kf2 f6 30. h4 g6 31. Bc2 Kf7 32. g4 e5 33. Bc7 1/2-1/2

[Event "XXVI Miedzynarodowy Festiwal Szachowy w Poznaniu - OPEN A"]
[Site "Poznan"]
[Date "2018-08-20"]
[Round "3.4"]
[White "Vesely, Vitek"]
[Black "Kulon, Klaudia "]
[Result "0-1"]
[WhiteTitle ""]
[BlackTitle ""]
[WhiteElo "2081"]
[BlackElo "2355"]

1. d4 d5 2. c4 e6 3. Nc3 c6 4. e3 Bd6 5. Nf3 f5 6. Bd3 Nf6 7. O-O O-O 8. b3 b6
9. Bb2 Bb7 10. cxd5 cxd5 11. Nb5 Be7 12. Ba3 Bxa3 13. Nxa3 a6 14. Ne5 Nbd7 15.
Nxd7 Qxd7 16. Nc2 Rac8 17. Ne1 Rc3 18. Qe2 b5 19. Nf3 Rfc8 20. Ne5 Qd6 21. Qb2
Qc7 22. h3 Ne4 23. Rfd1 h6 24. Rf1 Nd6 25. Rfd1 a5 26. Qe2 b4 27. Qh5 Bc6 28.
Qe2 Be8 29. g4 Qe7 30. gxf5 exf5 31. Qf3 Qe6 32. Kh2 Ne4 33. Rg1 R8c7 34. Qe2
Qf6 35. Rg2 Qh4 36. Qf3 Qh5 37. Qxh5 Bxh5 38. Bxe4 fxe4 39. Rgg1 Rc2 40. Kg3 Rb2
41. Rgc1 Rxc1 42. Rxc1 Rxa2 43. Rc8+ Kh7 44. Rc5 Bd1 45. Nc6 a4 46. Nxb4 Rb2 47.
Nxd5 a3 48. Ra5 Bxb3 49. Rxa3 Bxd5 50. Ra5 Bf7 51. f3 exf3 52. Kxf3 g5 53. Kg3
Re2 54. Re5 Kg6 55. h4 Kf6 56. hxg5+ hxg5 57. Kg4 Be6+ 58. Kf3 Re1 59. Kf2 Ra1
60. Rc5 Bf5 61. Rc6+ Kf7 62. Rc5 Kg6 63. Kg3 Be4 64. Re5 Rg1+ 65. Kh2 Rg2+ 66.
Kh3 Bf3 67. Re8 g4+ 68. Kh4 Rh2+ 69. Kg3 Rh3+ 70. Kf4 Bd1 71. Re5 Kh6 72. Rc5
Rh1 73. Rc8 Rf1+ 74. Ke5 Kg7 75. Rc7+ Kg6 76. Rc8 Rf5+ 77. Ke4 g3 78. Rg8+ Kf7
79. Rxg3 Bc2# 0-1

[Event "XXVI Miedzynarodowy Festiwal Szachowy w Poznaniu - OPEN A"]
[Site "Poznan"]
[Date "2018-08-20"]
[Round "3.5"]
[White "Chojnacki, Krzysztof "]
[Black "Leskiewicz, Ignacy "]
[Result "1-0"]
[WhiteTitle ""]
[BlackTitle ""]
[WhiteElo "2352"]
[BlackElo "1964"]

1. d4 Nf6 2. c4 g6 3. Nc3 Bg7 4. e4 d6 5. f4 c5 6. d5 O-O 7. Nf3 Bd7 8. Bd3 Na6
9. O-O Rb8 10. Qe2 Qc8 11. e5 Ne8 12. Bd2 Nb4 13. Bb1 Bf5 14. a3 Nc2 15. Bxc2
Bxc2 16. Rac1 Bf5 17. b4 b6 18. Ne4 f6 19. Nf2 Nc7 20. e6 b5 21. g4 Bxe6 22. dxe6
Qxe6 23. Qxe6+ Nxe6 24. Rfe1 Kf7 25. f5 gxf5 26. gxf5 Nd8 27. cxb5 cxb4 28. Rc7
Re8 29. Bxb4 Rxb5 30. Bxd6 Rb7 31. Rxb7 Nxb7 32. Bf4 e5 33. fxe6+ Rxe6 34. Rc1
Re7 35. Nd4 Kg6 36. Kg2 Bf8 37. Rc8 Rf7 38. Rc3 Nc5 39. Rg3+ Kh5 40. Nf5 Ne6 41.
Be3 Ng5 42. h4 Kg6 43. hxg5 Kxf5 44. Rf3+ Kg6 45. Ng4 Bxa3 46. gxf6 Bb2 47. Nh6
Rxf6 48. Rg3+ Kh5 49. Rg5+ Kxh6 50. Rb5+ Kg6 51. Rxb2 a6 52. Ra2 Kf7 53. Kg3 Rc6
54. Kf4 Ke6 55. Ke4 Rd6 56. Bc5 Rc6 57. Kd4 Kf5 58. Kd5 Rg6 59. Rh2 Rg5 60. Be3
Rg7 61. Rf2+ Kg6 62. Ke6 Rb7 63. Rf6+ Kh5 64. Kf5 Rb5+ 65. Kf4 Rg5 66. Kf3 Rg6
67. Rf5+ Kh4 68. Bf2+ 1-0

[Event "XXVI Miedzynarodowy Festiwal Szachowy w Poznaniu - OPEN A"]
[Site "Poznan"]
[Date "2018-08-20"]
[Round "3.6"]
[White "Michalski, Karol "]
[Black "Plichta, Kamil "]
[Result "1/2-1/2"]
[WhiteTitle ""]
[BlackTitle ""]
[WhiteElo "1983"]
[BlackElo "2337"]

1. d4 d6 2. c4 e5 3. dxe5 dxe5 4. Qxd8+ Kxd8 5. f4 e4 6. Nc3 Nf6 7. Nh3 Bf5 8.
Ng5 Ke8 9. g4 Bxg4 10. Bg2 Nc6 11. Be3 Bb4 12. Ngxe4 Nxe4 13. Bxe4 Be6 14. Rg1
Kf8 15. O-O-O Bxc4 16. Rg3 Rd8 17. Bxc6 Rxd1+ 18. Kxd1 bxc6 19. Bxa7 f6 20. e3
Kf7 21. a3 Be7 22. Ne4 Bd5 23. Nd2 c5 24. e4 Bc6 25. Rc3 Bd6 26. e5 fxe5 27. fxe5
Bxe5 28. Rxc5 Ra8 29. Rxe5 Rxa7 30. Rc5 Bd7 31. Nc4 Be6 32. Na5 Ke7 33. Nc6+ Kd6
34. Rc3 Ra4 35. Nb4 c5 36. Rd3+ Ke5 37. Re3+ Kf6 38. Nd3 Rd4 39. Kc2 c4 40. Nc5
Bf5+ 41. Kc3 Rh4 42. Re2 Rf4 43. a4 Bg4 44. Rf2 Rxf2 45. Ne4+ Ke5 46. Nxf2 Be6
47. Nd1 g5 48. a5 Kd5 49. Ne3+ Kc5 50. a6 Kb6 51. Nxc4+ Kxa6 52. Ne5 Kb6 53. Kd4
Kb5 54. Nf3 g4 55. Ng5 Bg8 56. Ke5 Kb4 57. Kf4 Kb3 58. Kxg4 h6 59. Ne4 Bf7 60.
Kf5 Kxb2 61. Nd6 Bh5 62. Kf6 Bg4 63. Nf5 Kc3 64. Nxh6 Bh3 65. Ke5 Kd3 66. Kf4
Kd4 67. Nf7 Kd5 68. Ng5 Bf1 69. Kf5 Kd6 70. Kf6 Kd7 71. h4 Be2 72. Kf7 Bh5+ 73.
Kf6 Bd1 1/2-1/2

[Event "XXVI Miedzynarodowy Festiwal Szachowy w Poznaniu - OPEN A"]
[Site "Poznan"]
[Date "2018-08-20"]
[Round "3.7"]
[White "Zakrzewski, Marek"]
[Black "Huchwajda, Lukasz"]
[Result "1-0"]
[WhiteTitle ""]
[BlackTitle ""]
[WhiteElo "2333"]
[BlackElo "1945"]

1. e4 c5 2. Nf3 e6 3. d4 cxd4 4. Nxd4 Nf6 5. Nc3 Nc6 6. Ndb5 Bb4 7. a3 Bxc3+ 8.
Nxc3 d5 9. exd5 exd5 10. Bd3 O-O 11. O-O d4 12. Ne2 Bg4 13. f3 Bh5 14. Bg5 Re8
15. Qd2 Bg6 16. Rfe1 Qd6 17. Bxg6 hxg6 18. Bh4 Rad8 19. Rad1 Rd7 20. Bg3 Qc5 21.
Bf2 Qb5 22. b4 Red8 23. Qd3 Qg5 24. h4 Qd5 25. Nf4 Qd6 26. Bg3 Qf8 27. Qc4 Nd5
28. Nxd5 Rxd5 29. Rd2 Ne7 30. Bf2 Rc8 31. Qa2 Rcd8 32. Red1 Nc6 33. c4 R5d7 34.
b5 Na5 35. Bxd4 b6 36. c5 bxc5 37. Bf2 Rxd2 38. Rxd2 Rxd2 39. Qxd2 Nb3 40. Qc3
Nd4 41. Qa5 Qb8 42. a4 Ne6 43. Qa6 Qf4 44. Qxa7 Qc1+ 45. Kh2 Qf4+ 46. Bg3 Qd2
47. b6 Nd4 48. Qa8+ Kh7 49. Qd5 c4 50. b7 c3 51. b8=Q c2 52. Qxf7 Nxf3+ 53. Qxf3
c1=Q 54. Qfa8 g5 55. Qe4+ 1-0

[Event "XXVI Miedzynarodowy Festiwal Szachowy w Poznaniu - OPEN A"]
[Site "Poznan"]
[Date "2018-08-20"]
[Round "3.8"]
[White "Kus, Aleksander"]
[Black "Niekras, Dawid "]
[Result "1-0"]
[WhiteTitle ""]
[BlackTitle ""]
[WhiteElo "1844"]
[BlackElo "2321"]

1. e4 c5 2. Nf3 d6 3. Bb5+ Nd7 4. O-O Ngf6 5. Re1 a6 6. Bd3 b5 7. c4 g5 8. Nxg5
Ne5 9. Bf1 bxc4 10. d4 cxd3 11. f4 Nc6 12. Qxd3 e6 13. Nc3 Bg7 14. h3 O-O 15.
Be3 h6 16. Nf3 Qe7 17. Qd2 Rd8 18. Qf2 Rb8 19. Rad1 Nd7 20. Rd2 e5 21. Nd5 Qf8
22. f5 Nf6 23. Qh4 Nxd5 24. exd5 Rb4 25. Qg3 Ne7 26. f6 Nf5 27. fxg7 Qxg7 28.
Qxg7+ Kxg7 29. a3 Rb8 30. Bf2 Re8 31. Bc4 Bb7 32. Nh4 Nxh4 33. Bxh4 f5 34. g3
e4 35. Re3 Bc8 36. Kg2 Kg6 37. Rb3 Rxb3 38. Bxb3 Bd7 39. Bc4 a5 40. Re2 h5 41.
Re3 a4 42. Re2 Kf7 43. Bg5 Rb8 44. Kf2 Rb6 45. Ke3 Bb5 46. Bxb5 Rxb5 47. Bf4 Rb3+
48. Kf2 Ke7 49. Rd2 Kd7 50. h4 Ke7 51. Ke2 Kd7 52. Kd1 Ke7 53. Kc2 Kd7 54. Re2
Rd3 55. Rd2 Rb3 56. Kc1 Ke7 57. Rf2 Rd3 58. Bg5+ Ke8 59. Rxf5 Rxg3 60. Rf6 Kd7
61. Rf7+ Kc8 62. Re7 Rd3 63. Rxe4 Rxd5 64. Rxa4 1-0

[Event "XXVI Miedzynarodowy Festiwal Szachowy w Poznaniu - OPEN A"]
[Site "Poznan"]
[Date "2018-08-20"]
[Round "3.9"]
[White "Schmidt, Wlodzimierz "]
[Black "Grochowski, Michal "]
[Result "1-0"]
[WhiteTitle ""]
[BlackTitle ""]
[WhiteElo "2258"]
[BlackElo "1781"]

1. d4 Nf6 2. c4 c5 3. d5 b5 4. Qc2 d6 5. e4 Qa5+ 6. Bd2 b4 7. Nf3 g6 8. h3 Bg7
9. Bd3 O-O 10. O-O Nbd7 11. Bf4 Qc7 12. Nbd2 Ne8 13. Rfe1 Ne5 14. Nxe5 dxe5 15.
Be3 f5 16. f3 f4 17. Bf2 Nf6 18. Nb3 Nd7 19. a3 bxa3 20. Rxa3 Rb8 21. Rea1 Qb6
22. R1a2 Rf7 23. Na5 a6 24. Nc6 Ra8 25. b4 Bb7 26. Na5 Bc8 27. bxc5 Qc7 28. c6
Nf8 29. c5 Rf6 30. Bc4 Kh8 31. Qd2 Rb8 32. Ra1 Rb4 33. Qxb4 1-0

[Event "XXVI Miedzynarodowy Festiwal Szachowy w Poznaniu - OPEN A"]
[Site "Poznan"]
[Date "2018-08-20"]
[Round "3.10"]
[White "Kaluzny, Lukasz"]
[Black "Khamitskiy, Sergei "]
[Result "0-1"]
[WhiteTitle ""]
[BlackTitle ""]
[WhiteElo "1943"]
[BlackElo "2233"]

1. d4 d5 2. Bf4 Nf6 3. Nf3 c5 4. c3 Nc6 5. h3 Qb6 6. Qb3 c4 7. Qxb6 axb6 8. g4
b5 9. Ne5 e6 10. Bg2 b4 11. Nxc6 bxc6 12. O-O Be7 13. cxb4 Bxb4 14. Bd2 c5 15.
e3 O-O 16. dxc5 Bxc5 17. Bc3 Ba6 18. Nd2 Rab8 19. Rfd1 h6 20. Bf3 Rfd8 21. Be5
Bd6 22. Bc3 Bb4 23. Be5 Rbc8 24. Rac1 Nd7 25. Bc3 Rb8 26. e4 Bxc3 27. bxc3 Nc5
28. exd5 exd5 29. Rb1 Na4 30. Rdc1 Rxb1 31. Nxb1 Bc8 32. Nd2 Be6 33. Nf1 Kf8 34.
Ne3 Ke7 35. Bd1 Nc5 36. Bf3 Kd6 37. Rb1 Na4 38. Nd1 Ra8 39. Kf1 Nc5 40. Rb2 Ra3
41. Rc2 h5 42. Ke2 Na4 43. Ke3 Ke5 44. Kd2 Kf4 45. Be2 Nc5 46. Rb2 Ne4+ 47. Kc2
Bd7 48. f3 Ba4+ 49. Kb1 Nxc3+ 50. Nxc3 Rxc3 51. Rb7 Ke3 52. Re7+ Kd2 53. Bf1 Rc1+
0-1

[Event "XXVI Miedzynarodowy Festiwal Szachowy w Poznaniu - OPEN A"]
[Site "Poznan"]
[Date "2018-08-20"]
[Round "3.11"]
[White "Jaroch, Karol"]
[Black "Janicki, Rafal "]
[Result "1-0"]
[WhiteTitle ""]
[BlackTitle ""]
[WhiteElo "2222"]
[BlackElo "1800"]

1. e4 c5 2. Nf3 Nc6 3. Bc4 e6 4. Nc3 Nge7 5. Qe2 g6 6. e5 d5 7. exd6 Nf5 8. Bb5
Bd7 9. Ne4 Bxd6 10. Nxd6+ Nxd6 11. Bxc6 Bxc6 12. O-O Bxf3 13. Qxf3 Qe7 14. b3
Nf5 15. Ba3 Nd4 16. Qd3 Qg5 17. c3 Nc6 18. Qb5 O-O 19. d4 Qd2 20. Qxc5 Rfc8 21.
Rfd1 Qc2 22. Rdc1 Qd2 23. Qb5 b6 24. Kf1 a5 25. Qe2 Qf4 26. g3 Qh6 27. h4 a4 28.
b4 Ne7 29. c4 b5 30. d5 bxc4 31. dxe6 Qg7 32. Bb2 c3 33. exf7+ Kxf7 34. Qf3+ Qf6
35. Qxf6+ Kxf6 36. Rxc3 Rxc3 37. Bxc3+ Ke6 38. Ke2 Nd5 39. Bd2 Rc8 40. Re1 Kd6
41. Kd3 Rf8 42. f4 Ne7 43. Be3 Kc6 44. Bc5 Rd8+ 45. Kc4 Nf5 46. g4 Nxh4 47. Re7
Rd7 48. b5+ Kc7 49. b6+ Kc6 50. Rxd7 Kxd7 51. Kb5 1-0

[Event "XXVI Miedzynarodowy Festiwal Szachowy w Poznaniu - OPEN A"]
[Site "Poznan"]
[Date "2018-08-20"]
[Round "3.12"]
[White "Kacprzak, Karol"]
[Black "Malyovanyi, Yulian "]
[Result "1/2-1/2"]
[WhiteTitle ""]
[BlackTitle ""]
[WhiteElo "1799"]
[BlackElo "2188"]

1. e4 c5 2. Nf3 e6 3. d4 cxd4 4. Nxd4 a6 5. c4 Nf6 6. Bd3 Nc6 7. Nc2 d6 8. O-O
g6 9. Nc3 Bg7 10. Be3 O-O 11. Rc1 b6 12. Be2 Qc7 13. Qd2 Bb7 14. Rfd1 Rad8 15.
f3 Ne7 16. Na4 Nc8 17. Nb4 a5 18. Nd3 Bc6 19. Nc3 Qb7 20. Bg5 Rde8 21. Nf2 Nd7
22. b3 Nc5 23. Bf1 f6 24. Be3 f5 25. exf5 gxf5 26. Re1 Kh8 27. Nb5 Rg8 28. f4
Bf6 29. g3 Bxb5 30. cxb5 Qg7 31. Bg2 h5 32. Nh3 1/2-1/2

[Event "XXVI Miedzynarodowy Festiwal Szachowy w Poznaniu - OPEN A"]
[Site "Poznan"]
[Date "2018-08-20"]
[Round "3.13"]
[White "Orzechowski, Jacek "]
[Black "Kupsik, Joanna "]
[Result "1-0"]
[WhiteTitle ""]
[BlackTitle ""]
[WhiteElo "2131"]
[BlackElo "1732"]

1. Nf3 c5 2. c4 Nc6 3. g3 e5 4. Nc3 g6 5. Bg2 Bg7 6. a3 d6 7. O-O Nge7 8. d3 O-O
9. Rb1 f5 10. Bd2 Rb8 11. b4 b6 12. Ne1 Bb7 13. Nc2 Nd4 14. Bg5 Bxg2 15. Kxg2
Ne6 16. Bxe7 Qxe7 17. Ne3 Qb7+ 18. Ned5 Rf7 19. bxc5 dxc5 20. a4 Qc6 21. a5 Nc7
22. axb6 axb6 23. Qa4 Qxa4 24. Nxa4 Nxd5 25. cxd5 Rfb7 26. Rb5 Bf8 27. Rfb1 Kf7
28. Rxb6 Rxb6 29. Rxb6 Rxb6 30. Nxb6 Bh6 31. Nd7 e4 32. dxe4 Ke7 33. Ne5 fxe4
34. Nc4 Bc1 35. f3 exf3+ 36. Kxf3 Kf6 37. e4 Bh6 38. Kg4 Bf8 39. e5+ Kf7 40. Kf4
h6 41. Ke4 h5 42. h3 Bg7 43. Nd2 Ke7 44. Nf3 Bh6 45. Nh4 Kf7 46. Kd3 Bc1 47. Nf3
g5 48. g4 hxg4 49. hxg4 Bf4 50. Kc4 Be3 51. Ne1 Ke7 52. Nd3 Bd4 53. d6+ Kd8 54.
e6 Be3 55. Nxc5 Bf4 56. Kd5 1-0

[Event "XXVI Miedzynarodowy Festiwal Szachowy w Poznaniu - OPEN A"]
[Site "Poznan"]
[Date "2018-08-20"]
[Round "3.14"]
[White "Zadymov, Ihor"]
[Black "Najdzionek, Boleslaw "]
[Result "1-0"]
[WhiteTitle ""]
[BlackTitle ""]
[WhiteElo "2102"]
[BlackElo "1715"]

1. e4 c5 2. Nf3 Nc6 3. d4 cxd4 4. Nxd4 a6 5. Nc3 e6 6. Be3 Nf6 7. Bd3 d6 8. Qe2
Bd7 9. O-O-O Qc7 10. Rhg1 h5 11. h3 O-O-O 12. g4 hxg4 13. hxg4 g6 14. f4 Kb8 15.
g5 Nh5 16. f5 Ne5 17. f6 Be8 18. Nb3 Rc8 19. Kb1 Bc6 20. a4 d5 21. exd5 exd5 22.
Bf2 Bb4 23. Qe3 Rce8 24. Qa7+ Kc8 25. Na2 Bd6 26. Nc5 Bxc5 27. Bxc5 Nd7 28. Nb4
Nxc5 29. Qxc5 Nf4 30. Bxa6 Ne6 31. Qxc6 Qxc6 32. Nxc6 bxa6 33. Rxd5 Rh5 34. Rg3
Kc7 35. Nb4 Ra8 36. a5 Rd8 37. Nxa6+ Kc8 38. Rb5 Kd7 39. Ka2 1-0